[Event "Foment Martinenc op-C 16th"]
[Site "Barcelona"]
[Date "2014.06.14"]
[Round "8"]
[White "Lopez Galiano, Sergio"]
[Black "Jimenez Rimblas, Raul"]
[Result "0-1"]
[WhiteElo "1736"]
[BlackElo "1700"]
[PlyCount "62"]
[EventDate "2014.04.26"]
[EventType "swiss"]
[EventRounds "9"]
[EventCountry "ESP"]
[SourceTitle "EXT 2015"]
[Source "ChessBase"]
[SourceDate "2014.11.20"]
[SourceVersion "1"]
[SourceVersionDate "2014.11.20"]
[SourceQuality "1"]

1. e4 e5 2. Nf3 Nc6 3. Bc4 Bc5 4. Nc3 Nf6 5. d3 h6 6. 0-0 d6 7. h3 Be6 8. Bxe6 fxe6 9. Na4 Bb6 10. Nxb6 axb6 11. Re1 0-0 12. Be3 Nh5 13. Nxe5 Nxe5 14. Qxh5 Qe8 15. Qh4 Qg6 16. Kh1 Rf6 17. Rg1 Raf8 18. Raf1 Nc6 19. a3 e5 20. c3 Nd8 21. g3 Ne6 22. f4 Nc5 23. f5 Qf7 24. Bxc5 bxc5 25. Rg2 d5 26. b3 dxe4 27. Qxe4 Rxf5 28. Rxf5 Qxf5 29. Qd5+ Rf7 30. g4 Qf1+ 31. Rg1 Qxh3# 0-1

[Event "Foment Martinenc op-C 16th"]
[Site "Barcelona"]
[Date "2014.05.17"]
[Round "4"]
[White "Lopez Galiano, Sergio"]
[Black "Garcia Ramos, Anais"]
[Result "1-0"]
[WhiteElo "1736"]
[BlackElo "1770"]
[PlyCount "63"]
[EventDate "2014.04.26"]
[EventType "swiss"]
[EventRounds "9"]
[EventCountry "ESP"]
[SourceTitle "EXT 2015"]
[Source "ChessBase"]
[SourceDate "2014.11.20"]
[SourceVersion "1"]
[SourceVersionDate "2014.11.20"]
[SourceQuality "1"]

1. e4 e6 2. Nf3 d5 3. e5 c5 4. d4 Nc6 5. c3 Qb6 6. Be2 cxd4 7. cxd4 Nge7 8. 0-0 Nf5 9. b3 Nfxd4 10. Nxd4 Qxd4 11. Qxd4 Nxd4 12. Bd3 Bd7 13. Be3 Bb5 14. Bxb5+ Nxb5 15. Rc1 a5 16. a4 Na7 17. Rc7 Nc6 18. Rxb7 Nxe5 19. Nc3 0-0-0 20. Ra7 d4 21. Ra8+ Kd7 22. Rxd8+ Kxd8 23. Bxd4 Nc6 24. Bb6+ Kc8 25. Rd1 Be7 26. Nb5 Kb7 27. Bc7 Rc8 28. Rd7 Ka6 29. h3 e5 30. Nd6 Rxc7 31. Rxc7 Bxd6 32. Rxc6+ 1-0

[Event "Cerdanyola del Valles op-B 31th"]
[Site "Cerdanyola del Valles"]
[Date "2013.??.??"]
[Round "2.5"]
[White "Lopez Galiano, Sergio"]
[Black "Vilasaro Ruiz, Gerard"]
[Result "0-1"]
[WhiteElo "1508"]
[BlackElo "1629"]
[PlyCount "58"]
[EventDate "2013.10.05"]
[EventType "swiss"]
[EventRounds "8"]
[EventCountry "ESP"]
[SourceTitle "EXT 2024"]
[Source "ChessBase"]
[SourceDate "2023.10.10"]
[SourceVersion "1"]
[SourceVersionDate "2023.10.10"]
[SourceQuality "1"]

1. e4 e6 2. d4 d5 3. e5 c5 4. c3 Qb6 5. Nf3 Nc6 6. Be2 Bd7 7. 0-0 cxd4 8. cxd4 Nge7 9. b3 Nf5 10. Bb2 Be7 11. Qd3 Nb4 12. Qd2 Rc8 13. Na3 0-0 14. Rfd1 a5 15. Bd3 Nxd3 16. Qxd3 a4 17. h3 Rc7 18. Rac1 Rfc8 19. Rxc7 Rxc7 20. Nc2 Bb5 21. Qd2 axb3 22. axb3 Bd7 23. b4 Ba4 24. Bc3 Qc6 25. Bb2 Qxc2 26. Rc1 Qxd2 27. Nxd2 Rxc1+ 28. Bxc1 Bxb4 29. Nf3 Bc3 0-1

[Event "Barcelona La Lira-C 15th"]
[Site "Barcelona"]
[Date "2012.07.21"]
[Round "1"]
[White "Lopez Galiano, Sergio"]
[Black "Orts Gonzalez, Rafael"]
[Result "1-0"]
[WhiteElo "1497"]
[BlackElo "1298"]
[PlyCount "75"]
[EventDate "2012.07.21"]
[EventType "tourn"]
[EventRounds "9"]
[EventCountry "ESP"]
[SourceTitle "EXT 2014"]
[Source "ChessBase"]
[SourceDate "2013.11.20"]
[SourceVersion "1"]
[SourceVersionDate "2013.11.20"]
[SourceQuality "1"]

1. e4 e5 2. Nf3 Nf6 3. Nxe5 Nxe4 4. Qe2 Nd6 5. Nc6+ Be7 6. Nxd8 0-0 7. Nxf7 Rxf7 8. Nc3 Bh4 9. d3 Re7 10. Be3 Nf5 11. Nd5 Re5 12. g3 Nd4 13. Bxd4 Rxe2+ 14. Bxe2 Bd8 15. Bc5 d6 16. Ba3 Nc6 17. c4 Nd4 18. Kd2 c6 19. Nc3 c5 20. Rhe1 Be6 21. Ne4 Ba5+ 22. Nc3 a6 23. Rab1 Bh3 24. b4 Bd8 25. bxc5 dxc5 26. Bxc5 Bg2 27. Bxd4 g5 28. f3 Rb8 29. Rg1 Bh3 30. g4 Bc7 31. Ba7 Re8 32. Rxb7 Bf4+ 33. Kd1 Bxh2 34. Rh1 Be5 35. Rxh3 Bxc3 36. Rbxh7 Ba1 37. d4 Bxd4 38. Bxd4 1-0